| 000 | 00785cam a2200229 a 4500 | ||
|---|---|---|---|
| 001 | 000004887 | ||
| 005 | 20200929151527.0 | ||
| 008 | 020729s2001 nq a 001 0 spa | ||
| 020 | _a9992442425 | ||
| 040 |
_aDO-SdBNP _bspa _cBNPHU |
||
| 082 |
_aN861.44 _bS211h |
||
| 100 | 1 |
_aSánchez, María Teresa, _d1918- _914139 |
|
| 245 | 1 | 0 |
_aHuésped del olvido / _cMaría Teresa Sánchez. |
| 260 |
_aManagua : _bANE/CNE/NORAD, _c2001. |
||
| 300 |
_a52 p. : _bil. ; _c21 cm. |
||
| 650 | 4 |
_aPoesía nicaragünse _ySIGLO XXI _914140 |
|
| 650 | 4 |
_aLiteratura nicaragüense _98122 |
|
| 710 | 1 |
_aAsociacion Noruega de Escritores _914141 |
|
| 710 | 1 |
_aCentro Nicaragüense de Editores _914142 |
|
| 710 | 1 |
_aNorwegian Agency for Development Cooperation _914143 |
|
| 910 | _aCatalogación por copia / LC | ||
| 999 |
_c4693 _d4693 |
||